MARC

LEADER 00000nab a2200000 a 4500
001 vtls000313557
003 SK-MaSNL
005 20260303191138.0
008 140701c1978 xo 0 slo
015 |a SNBRB19rr/mm-uuuuu 
035 |a CL0003649 
040 |a SNKBUCL  |b slo  |c SNKBUCL  |e AACR2 
041 0 |a slo 
044 |a xo  |c SK 
080 |a 82.09:840-94(087.5)(048)  |2 1981 
080 |a 840-94(087.5)(048)  |2 1981 
100 1 |a Žilková, Marta,  |d 1942-  |4 aut  |9 88073 
245 1 0 |a Nový rok v internáte  |b André Laurie  |c Marta Žilková 
650 0 7 |a francúzske romány  |2 snkbucl  |9 352053 
650 0 7 |a chlapčenské romány  |2 snkbucl  |9 928810 
650 0 7 |a literatúra pre deti a mládež  |2 snkbucl  |9 21893 
655 7 |a recenzie  |2 snkbucl  |9 21907 
655 7 |a články z odboru literárna veda a krásna literatúra  |2 snkbucl  |9 770045 
655 7 |a články z novín a časopisov  |2 snkbucl  |9 267496 
700 1 |a Laurie, André,  |d 1844-1909  |4 aut  |9 214946 
773 0 |t Zlatý máj  |g Roč. 22, č. 1 (1978), s. 71-72 
787 0 8 |i Rec.:  |a Laurie, André  |t Nový rok v internáte  |d Bratislava : Mladé letá, 1977 
850 |a Slovenská národná knižnica v Martine  |a MTA001 
852 |a SNK  |b KIS3GCP 
958 |a RK 
958 |a LX 
992 |a RBX 
999 |c 2139595  |d 2141525